JavaScript step by step / (Record no. 58782)

MARC details
000 -LEADER
fixed length control field 01989nam a22003137a 4500
005 - DATE AND TIME OF LATEST TRANSACTION
control field 20111129120543.0
008 - FIXED-LENGTH DATA ELEMENTS--GENERAL INFORMATION
fixed length control field 111129t xxu||||| |||| 00| 0 eng d
010 ## - LCCN (DPL NO)
LC control number ENG-104232
020 ## - INTERNATIONAL STANDARD BOOK NUMBER
International Standard Book Number 9788120344426
Terms of availability 495.00
035 ## - SYSTEM CONTROL NUMBER
System control number EN-87765
037 ## - SOURCE OF ACQUISITION
Source of stock number/acquisition DBAD / PUB
040 ## - CATALOGING SOURCE
Original cataloging agency DPL
Language of cataloging Eng
082 14 - DEWEY DECIMAL CLASSIFICATION NUMBER
Classification number 005.2762
100 1# - MAIN ENTRY--PERSONAL NAME
Personal name Suehring, Steve
9 (RLIN) 36251
245 1# - TITLE STATEMENT
Title JavaScript step by step /
Statement of responsibility, etc by Steve Suehring
250 ## - EDITION STATEMENT
Edition statement 2nd ed
260 ## - PUBLICATION, DISTRIBUTION, ETC. (IMPRINT)
Place of publication, distribution, etc New Delhi
Name of publisher, distributor, etc PHI Learning
Date of publication, distribution, etc 2012
270 ## - ADDRESS
Address M-97, Connaught Circus
City New Delhi
State or province Delhi
Postal code 110001
300 ## - PHYSICAL DESCRIPTION
Extent xxii, 476 p. :
Dimensions 24cm(pbk)
Other physical details ill.
490 ## - SERIES STATEMENT
Series statement Step by step
-- 36252
500 ## - GENERAL NOTE
General note Includes index
500 ## - GENERAL NOTE
General note Previous ed.: 2008.
505 ## - FORMATTED CONTENTS NOTE
Formatted contents note JavaWhat : the where, why and how of JavaScript. JavaScript is more than you might think ; Developing in JavaScript ; JavaScript syntax and statements ; Working with variables and data types ; Using operators and expressions -- Applying JavaScript. Controlling flow with conditionals and loops ; working with functions ; Objects in JavaScript ; The browser object model -- Integrating JavaScript into design. The document object model ; JavaScript events and the browser ; Creating and consuming cookies ; Working with images in JavaScript ; Using JavaScript with web forms ; JavaScript and CSS ; JavaScript error handling -- AJAX and beyond. JavaScript and XML ; JavaScript applications ; A touch of AJAX ; A bit deeper into AJAX -- jQuery. An introduction to JavaScript libraries and frameworks ; An introduction to jQuery ; jQuery effects and plug-ins.
520 ## - SUMMARY, ETC.
Summary, etc Provides information on creating Web applications with JavaScript.
650 ## - SUBJECT ADDED ENTRY--TOPICAL TERM
Topical term or geographic name as entry element JavaScript (Computer program language)
9 (RLIN) 36253
650 ## - SUBJECT ADDED ENTRY--TOPICAL TERM
Source of heading or term Sears
Topical term or geographic name as entry element JavaScript (Computer language)
9 (RLIN) 36254
942 ## - ADDED ENTRY ELEMENTS (KOHA)
Institution code [OBSOLETE] dpl
Item type English Books
Source of classification or shelving scheme Dewey Decimal Classification
Classification part 005.2762
Call number suffix SUE
Holdings
Withdrawn status Lost status Source of classification or shelving scheme Damaged status Not for loan Collection code Home library Current library Date acquired Source of acquisition Cost, normal purchase price Total Checkouts Full call number Barcode Date last seen Copy number Cost, replacement price Koha item type
    Dewey Decimal Classification   Not For Loan Non-fiction D.B.Act.Division D.B.Act.Division 29/11/2011 DBAD/PUB 495.00   005.2762 SUE EN-87765 29/11/2011 1 495.00 English Books

© Delhi Public Library
Hit Counter
free hit counter